Kybernetická bezpečnosť v podmienkach Európskej únie
Kybernetický priestor je miesto, kde je ťažké zaistiť bezpečnosť. Kybernetická bezpečnosť sa postupne stala podstatnou súčasťou strategických obranných politík vyspelých krajín. Je v záujme každého štátu, aby intenzívne pracoval na politike kybernetickej bezpečnosti. Kybernetické útoky predstavujú c...
Guardado en:
| Autor principal: | |
|---|---|
| Formato: | Capítulo de libro |
| Lenguaje: | eslovaco |
| Materias: | |
| Etiquetas: |
Sin Etiquetas, Sea el primero en etiquetar este registro!
|
MARC
| LEADER | 00000nla a2200000 4500 | ||
|---|---|---|---|
| 001 | 0175391 | ||
| 005 | 20240502073006.6 | ||
| 041 | 0 | |a slo | |
| 044 | |a SK | ||
| 245 | 1 | 0 | |a Kybernetická bezpečnosť v podmienkach Európskej únie |c Oľga Škvarčeková |
| 520 | |a Kybernetický priestor je miesto, kde je ťažké zaistiť bezpečnosť. Kybernetická bezpečnosť sa postupne stala podstatnou súčasťou strategických obranných politík vyspelých krajín. Je v záujme každého štátu, aby intenzívne pracoval na politike kybernetickej bezpečnosti. Kybernetické útoky predstavujú celosvetovú hrozbu. Najlepšou prevenciou kybernetického konfliktu je podrobná analýza hrozieb, výskum nových technológií, aktívne znižovanie rizík a medzinárodná spolupráca štátov v oblasti informačnej bezpečnosti. | ||
| 610 | 2 | 0 | |a bezpečnosť informačná |
| 610 | 2 | 0 | |a systémy informačné |
| 610 | 2 | 0 | |a systémy informačné |
| 610 | 2 | 0 | |a kriminalita počítačová |
| 610 | 2 | 0 | |a ochrana dát |
| 610 | 2 | 0 | |a ochrana informácií |
| 610 | 2 | 0 | |a Európska únia |
| 100 | 1 | |a Škvarčeková, Oľga | |